<?xml version="1.0" encoding="UTF-8"?>
<record
    xmlns:xsi="http://www.w3.org/2001/XMLSchema-instance"
    xsi:schemaLocation="http://www.loc.gov/MARC21/slim http://www.loc.gov/standards/marcxml/schema/MARC21slim.xsd"
    xmlns="http://www.loc.gov/MARC21/slim">

  <leader>01525nam a22002777a 4500</leader>
  <datafield tag="999" ind1=" " ind2=" ">
    <subfield code="c">21982</subfield>
    <subfield code="d">21982</subfield>
  </datafield>
  <controlfield tag="003">AR-CdUCM</controlfield>
  <controlfield tag="008">190425b           ||||| |||| 00| 0 spa d</controlfield>
  <datafield tag="040" ind1=" " ind2=" ">
    <subfield code="a">MUNICIPALIDAD PROVINCIAL DEL CUSCO</subfield>
    <subfield code="c">BIBLIOTECA MUNICIPAL DEL CUSCO</subfield>
  </datafield>
  <datafield tag="082" ind1=" " ind2=" ">
    <subfield code="a">Rev.FC/N&#xB0;1/1964</subfield>
  </datafield>
  <datafield tag="110" ind1=" " ind2=" ">
    <subfield code="a">Universidad Nacional de San Antonio Abad del Cuzco</subfield>
    <subfield code="9">14483</subfield>
  </datafield>
  <datafield tag="245" ind1=" " ind2=" ">
    <subfield code="a">Revista de la Facultad de Ciencias /</subfield>
    <subfield code="c">Universidad Nacional de San Antonio Abad del Cuzco</subfield>
  </datafield>
  <datafield tag="260" ind1=" " ind2=" ">
    <subfield code="a">Cusco.</subfield>
    <subfield code="b">H.G. Rozas,</subfield>
    <subfield code="c">1964.</subfield>
  </datafield>
  <datafield tag="300" ind1=" " ind2=" ">
    <subfield code="a">100 p&#xE1;ginas. :</subfield>
    <subfield code="c">25 cm.</subfield>
  </datafield>
  <datafield tag="440" ind1=" " ind2=" ">
    <subfield code="a">Revista de la Facultad de Ciencias.</subfield>
    <subfield code="n">N&#xB0; 1.1964</subfield>
    <subfield code="9">47048</subfield>
  </datafield>
  <datafield tag="505" ind1=" " ind2=" ">
    <subfield code="a">Contenido: Radioactividad, desintegraci&#xF3;n at&#xF3;mica e isotopos radiactivos. Lucio Bueno Villanueva. -- Notas bot&#xE1;nicas taxon&#xF3;micas. Cesar Vargas Calder&#xF3;n. -- Taxonom&#xED;a de los hongos comestibles del Departamento del Cusco. Horacio Zamalloa Diaz. -- El punto de ebullici&#xF3;n en la ciudad del Cuzco. Luis Alazo Olivera. -- Algunas consideraciones sobre los alcances de la ecolog&#xED;a. Ismael Ceballos Bendez&#xFA;. -- Son impenetrables los cuerpos y las part&#xED;culas. Lucio Bueno Villanueva. -- Notas sobre la clasificaci&#xF3;n de los insectos. Ismael Ceballos Bendez&#xFA;.</subfield>
  </datafield>
  <datafield tag="650" ind1=" " ind2=" ">
    <subfield code="a">Ecolog&#xED;a</subfield>
    <subfield code="9">4960</subfield>
  </datafield>
  <datafield tag="650" ind1=" " ind2=" ">
    <subfield code="a">Quimica</subfield>
    <subfield code="9">4512</subfield>
  </datafield>
  <datafield tag="650" ind1=" " ind2=" ">
    <subfield code="a">Biolog&#xED;a</subfield>
    <subfield code="9">881</subfield>
  </datafield>
  <datafield tag="700" ind1=" " ind2=" ">
    <subfield code="a">Bueno Villanueva, Lucio</subfield>
    <subfield code="9">32607</subfield>
  </datafield>
  <datafield tag="700" ind1=" " ind2=" ">
    <subfield code="a">Vargas Calder&#xF3;n, Cesar</subfield>
    <subfield code="9">31066</subfield>
  </datafield>
  <datafield tag="700" ind1=" " ind2=" ">
    <subfield code="a">Zamalloa Diaz, Horacio,</subfield>
    <subfield code="9">46081</subfield>
  </datafield>
  <datafield tag="700" ind1=" " ind2=" ">
    <subfield code="a">Alazo Olivera, Luis</subfield>
    <subfield code="9">47049</subfield>
  </datafield>
  <datafield tag="700" ind1=" " ind2=" ">
    <subfield code="a">Ceballos Bendez&#xFA;, Ismael</subfield>
    <subfield code="9">47051</subfield>
  </datafield>
  <datafield tag="942" ind1=" " ind2=" ">
    <subfield code="2">ddc</subfield>
    <subfield code="c">PP</subfield>
  </datafield>
  <datafield tag="945" ind1=" " ind2=" ">
    <subfield code="a">rac</subfield>
  </datafield>
  <datafield tag="952" ind1=" " ind2=" ">
    <subfield code="0">0</subfield>
    <subfield code="2">ddc</subfield>
    <subfield code="4">0</subfield>
    <subfield code="7">0</subfield>
    <subfield code="a">HEM</subfield>
    <subfield code="b">HEM</subfield>
    <subfield code="c">CART</subfield>
    <subfield code="d">2022-02-01</subfield>
    <subfield code="g">5.00</subfield>
    <subfield code="o">Rev.FC/N&#xB0;1/1964</subfield>
    <subfield code="p">REVC000488</subfield>
    <subfield code="r">2022-02-01</subfield>
    <subfield code="y">PP</subfield>
  </datafield>
  <datafield tag="952" ind1=" " ind2=" ">
    <subfield code="0">0</subfield>
    <subfield code="2">ddc</subfield>
    <subfield code="4">0</subfield>
    <subfield code="7">0</subfield>
    <subfield code="a">HEM</subfield>
    <subfield code="b">HEM</subfield>
    <subfield code="c">CART</subfield>
    <subfield code="d">2022-02-01</subfield>
    <subfield code="g">5.00</subfield>
    <subfield code="o">Rev.FC/N&#xB0;1/1964/e.2</subfield>
    <subfield code="p">REVC000489</subfield>
    <subfield code="r">2022-02-01</subfield>
    <subfield code="y">PP</subfield>
  </datafield>
  <datafield tag="952" ind1=" " ind2=" ">
    <subfield code="0">0</subfield>
    <subfield code="2">ddc</subfield>
    <subfield code="4">0</subfield>
    <subfield code="7">0</subfield>
    <subfield code="a">HEM</subfield>
    <subfield code="b">HEM</subfield>
    <subfield code="c">CART</subfield>
    <subfield code="d">2022-02-01</subfield>
    <subfield code="g">5.00</subfield>
    <subfield code="o">Rev.FC/N&#xB0;1/1964/e.3</subfield>
    <subfield code="p">REVC000490</subfield>
    <subfield code="r">2022-02-01</subfield>
    <subfield code="y">PP</subfield>
  </datafield>
  <datafield tag="952" ind1=" " ind2=" ">
    <subfield code="0">0</subfield>
    <subfield code="2">ddc</subfield>
    <subfield code="4">0</subfield>
    <subfield code="7">0</subfield>
    <subfield code="a">HEM</subfield>
    <subfield code="b">HEM</subfield>
    <subfield code="c">CART</subfield>
    <subfield code="d">2022-02-01</subfield>
    <subfield code="g">5.00</subfield>
    <subfield code="o">Rev.FC/N&#xB0;1/1964/e.4</subfield>
    <subfield code="p">REVC000491</subfield>
    <subfield code="r">2022-02-01</subfield>
    <subfield code="y">PP</subfield>
  </datafield>
  <datafield tag="952" ind1=" " ind2=" ">
    <subfield code="0">0</subfield>
    <subfield code="2">ddc</subfield>
    <subfield code="4">0</subfield>
    <subfield code="7">0</subfield>
    <subfield code="a">HEM</subfield>
    <subfield code="b">HEM</subfield>
    <subfield code="c">CART</subfield>
    <subfield code="d">2022-02-01</subfield>
    <subfield code="g">5.00</subfield>
    <subfield code="o">Rev.FC/N&#xB0;1/1964/e.5</subfield>
    <subfield code="p">REVC000492</subfield>
    <subfield code="r">2022-02-01</subfield>
    <subfield code="y">PP</subfield>
  </datafield>
</record>
